000 00517 a2200181 4500
020 _a0073659398
040 _aDLC
082 _a621.815
100 1 _aShigley, Joseph Edward.
245 1 0 _aMechanical engineering design
_cJoseph Edward Shigley, Charles R. Mischke.
250 _a6th ed.
260 _aBoston, Mass. :
_bMcGraw Hill,
_c2001.
300 _axxxi, 1248 p. :
_bill. ;
_c26 cm.
500 _aIncludes index.
650 0 _aMachine design.
700 1 _aMischke, Charles R.
942 _cBK
_k621.815 SHI
_2ddc
999 _c8462
_d8462